Guess the random Taylor Swift Song Lyrics 60 - Statistics

General Stats
  • This quiz has been taken 18 times
  • The average score is 240 of 312
Answer Stats
Answer % Correct
a
100%
A
100%
an
100%
And
100%
and
100%
I
100%
In
100%
in
100%
it
100%
Then
100%
to
100%
want
100%
You
100%
you
100%
all
91%
ever
91%
for
91%
If
91%
just
91%
me
91%
that
91%
the
91%
The
91%
your
91%
you're
91%
are
82%
at
82%
be
82%
but
82%
But
82%
by
82%
could
82%
don't
82%
get
82%
had
82%
I'll
82%
know
82%
like
82%
man
82%
my
82%
never
82%
of
82%
on
82%
say
82%
They
82%
this
82%
time
82%
Was
82%
was
82%
we
82%
Were
82%
were
82%
what
82%
Who
82%
who
82%
why
82%
you'll
82%
You'll
82%
any
73%
back
73%
bed
73%
dead
73%
Did
73%
did
73%
even
73%
From
73%
lived
73%
our
73%
out
73%
said
73%
sent
73%
sleep
73%
smallest
73%
some
73%
someone
73%
through
73%
true
73%
up
73%
wanted
73%
wasn't
73%
will
73%
with
73%
won't
73%
years
73%
50
64%
book
64%
car
64%
'Cause
64%
cell
64%
crashed
64%
deserve
64%
died
64%
forbidden
64%
friend
64%
give
64%
"Good
64%
gun
64%
guy
64%
her
64%
inboxes
64%
inside
64%
Instead
64%
message
64%
mine
64%
miss
64%
Now
64%
party
64%
prison
64%
ran
64%
riddance"
64%
sins
64%
slip
64%
spy
64%
underneath
64%
would've
64%
writing
64%
also
55%
buy
55%
confess
55%
declassified
55%
eyed
55%
feels
55%
forgive
55%
friends
55%
fuck
55%
goal
55%
gone
55%
Jehovah's
55%
kicked
55%
lights
55%
morning
55%
normal
55%
off
55%
once
55%
rental
55%
rusting
55%
sexy
55%
sleeper
55%
slide
55%
sparkling
55%
starry
55%
still
55%
suit
55%
summer
55%
treat
55%
Witness
55%
boring
45%
come
45%
forget
45%
ghosted
45%
girls
45%
hid
45%
into
45%
oblivion
45%
performing
45%
pills
45%
plain
45%
public
45%
queen
45%
showed
45%
sight
45%
stage
45%
tried
45%
bars
36%
didn't
36%
Gazing
36%
hung
36%
measure
36%
Stabbed
36%
stoned
36%
wall
36%
sank
27%
pushpins
18%
No matching quizzes found
Score Distribution
Percent of People with Each Score
Percentile by Number Answered
Your Score History
You have not taken this quiz